Delitos contra la integridad sexual (Registro nro. 2894)
[ vista simple ]
| 000 -Cabecera | |
|---|---|
| Campo de control de longitud fija | 00991aam a2200373 4500 |
| 005 - Fecha y hora de la última transacción | |
| Campo de control | 20260313151658.0 |
| 008 - Elementos de longitud fija--Información general | |
| Campo de control de longitud fija | 150617b2005 xxu||||| |||| 00| 0 spa d |
| 020 ## - International Standard Book Number | |
| Número Internacional Estándar del Libro (ISBN) | 9507273239 |
| 041 ## - Idioma | |
| Código de idioma | Español |
| 082 ## - Clasificación Decimal Dewey | |
| Número de clasificación | 364.153 D685d2 |
| 100 ## - Entrada principal--Autor personal | |
| Nombre personal | Donna, Edgardo Alberto |
| 9 (RLIN) | 24627 |
| 245 ## - Título propiamente dicho | |
| Título | Delitos contra la integridad sexual |
| 250 ## - Edición | |
| Mención de edición | 2 edición |
| 260 ## - Pie de imprenta | |
| Lugar de publicación, distribución, etc. | Argentina |
| 260 ## - Pie de imprenta | |
| Nombre del editor, distribuidor, etc. | Rubinzal, Culzoni |
| 260 ## - Pie de imprenta | |
| Fecha de publicación, distribución, etc. | 2005 |
| 300 ## - Descripción física | |
| Extensión | 215 páginas |
| 490 ## - Serie | |
| Título de la Serie | Investigación Criminal |
| 650 ## - Materia general | |
| Temática (materia general) | DELITOS SEXUALES |
| 650 ## - Materia general | |
| Temática (materia general) | INTEGRIDAD SEXUAL |
| 650 ## - Materia general | |
| Temática (materia general) | DELITO DE ADULTERIO |
| 650 ## - Materia general | |
| Temática (materia general) | ABUSO SEXUAL |
| 650 ## - Materia general | |
| Temática (materia general) | ACCESO CARNAL |
| 650 ## - Materia general | |
| Temática (materia general) | VIOLACIÓN |
| 650 ## - Materia general | |
| Temática (materia general) | DELITO DE ESTRUPO |
| 650 ## - Materia general | |
| Temática (materia general) | PROSTITUCIÓN |
| 650 ## - Materia general | |
| Temática (materia general) | CORRUPCIÓN |
| 650 ## - Materia general | |
| Temática (materia general) | TRATA DE PERSONAS |
| 650 ## - Materia general | |
| Temática (materia general) | PORNOGRAFÍA |
| 650 ## - Materia general | |
| Temática (materia general) | EXIBICIONES OBCENAS |
| 650 ## - Materia general | |
| Temática (materia general) | ABUSO SEXUAL GRAVEMENTE ULTRAJANTE |
| 650 ## - Materia general | |
| Temática (materia general) | DELITOS CONTRA LA HONESTIDAD |
| 942 ## - Punto de acceso adicional KOHA | |
| Tipo de ítem KOHA | Libro |
| Fuente del sistema de clasificación o colocación | Dewey Decimal Classification |
| Signatura completa | Código de barras | Programa Académico | Tipo de ítem |
|---|---|---|---|
| 364.153 D685d2 | 16337 | Investigación Criminal | Libro |